प्राचीन भारत का राजनितिक इतिहास ; (Record no. 200470)

MARC details
000 -LEADER
fixed length control field 01218nam a22001937a 4500
005 - DATE AND TIME OF LATEST TRANSACTION
control field 20240306140652.0
010 ## - LCCN (DPL NO)
LC control number B-757461-467
020 ## - INTERNATIONAL STANDARD BOOK NUMBER
Terms of availability 895.000
International Standard Book Number 9789391382407
035 ## - SYSTEM CONTROL NUMBER
System control number B-757461-467
037 ## - SOURCE OF ACQUISITION
Source of stock number/acquisition स्वस्तिक पब्लिशर्स
082 ## - DEWEY DECIMAL CLASSIFICATION NUMBER
Classification number 954
100 ## - MAIN ENTRY--PERSONAL NAME
Personal name चन्द्र , गुलाब
245 ## - TITLE STATEMENT
Title प्राचीन भारत का राजनितिक इतिहास ;
Remainder of title (600 ई.पू. से 750ई.)/
Statement of responsibility, etc गुलाब चन्द्र
260 ## - PUBLICATION, DISTRIBUTION, ETC. (IMPRINT)
Place of publication, distribution, etc दिल्ली
Name of publisher, distributor, etc स्वस्तिक पब्लिशर्स
Date of publication, distribution, etc 2022
270 ## - ADDRESS
Address 31 गलि नं. 1, ए ब्लाक, पाकेट 5, सोनिया विहार
City दिल्ली
Postal code 110090
300 ## - PHYSICAL DESCRIPTION
Extent 270 पृ..
Dimensions 22सेमी (सजिल्द)
942 ## - ADDED ENTRY ELEMENTS (KOHA)
Source of classification or shelving scheme Dewey Decimal Classification
Item type Hindi Books
Classification part 954
Call number suffix चन्द्गु
Holdings
Withdrawn status Lost status Not for loan Collection code Home library Current library Date acquired Source of acquisition Cost, normal purchase price Full call number Barcode Copy number Cost, replacement price Koha item type
      Non-fiction Andrews Gunj Andrews Gunj 06/03/2024 स्वस्तिक पब्लिशर्स /148/12.1.24/156/9.1.24/16.1.24 895.00 954 चन्द्गु B-757464 1 895.00 Hindi Books
      Non-fiction Central Library Central Library 06/03/2024 स्वस्तिक पब्लिशर्स /148/12.1.24/156/9.1.24/16.1.24 895.00 954 चन्द्गु B-757461 1 895.00 Hindi Books
      Non-fiction Community Library Lodhi Road Community Library Lodhi Road 06/03/2024 स्वस्तिक पब्लिशर्स /148/12.1.24/156/9.1.24/16.1.24 895.00 954 चन्द्गु B-757467 1 895.00 Hindi Books
      Non-fiction Patel Nagar Patel Nagar 06/03/2024 स्वस्तिक पब्लिशर्स /148/12.1.24/156/9.1.24/16.1.24 895.00 954 चन्द्गु B-757462 1 895.00 Hindi Books
      Non-fiction Sarojini Nagar Sarojini Nagar 06/03/2024 स्वस्तिक पब्लिशर्स /148/12.1.24/156/9.1.24/16.1.24 895.00 954 चन्द्गु B-757463 1 895.00 Hindi Books
      Non-fiction Shahdara Branch Shahdara Branch 06/03/2024 स्वस्तिक पब्लिशर्स /148/12.1.24/156/9.1.24/16.1.24 895.00 954 चन्द्गु B-757466 1 895.00 Hindi Books
      Non-fiction Vinoba Puri Vinoba Puri 06/03/2024 स्वस्तिक पब्लिशर्स /148/12.1.24/156/9.1.24/16.1.24 895.00 954 चन्द्गु B-757465 1 895.00 Hindi Books

© Delhi Public Library
Hit Counter
free hit counter